<?xml version="1.0" encoding="UTF-8"?><?xml-stylesheet type="text/xsl" href="static/style.xsl"?><OAI-PMH xmlns="http://www.openarchives.org/OAI/2.0/" xmlns:xsi="http://www.w3.org/2001/XMLSchema-instance" xsi:schemaLocation="http://www.openarchives.org/OAI/2.0/ http://www.openarchives.org/OAI/2.0/OAI-PMH.xsd"><responseDate>2026-06-07T16:09:20Z</responseDate><request verb="GetRecord" identifier="oai:docta.ucm.es:20.500.14352/123621" metadataPrefix="marc">https://docta.ucm.es/rest/oai/request</request><GetRecord><record><header><identifier>oai:docta.ucm.es:20.500.14352/123621</identifier><datestamp>2025-09-02T23:58:49Z</datestamp><setSpec>com_20.500.14352_14</setSpec><setSpec>col_20.500.14352_15</setSpec></header><metadata><record xmlns="http://www.loc.gov/MARC21/slim" xmlns:dcterms="http://purl.org/dc/terms/" xmlns:xsi="http://www.w3.org/2001/XMLSchema-instance" xmlns:doc="http://www.lyncode.com/xoai" xsi:schemaLocation="http://www.loc.gov/MARC21/slim http://www.loc.gov/standards/marcxml/schema/MARC21slim.xsd">
   <leader>00925njm 22002777a 4500</leader>
   <datafield ind2=" " ind1=" " tag="042">
      <subfield code="a">dc</subfield>
   </datafield>
   <datafield ind2=" " ind1=" " tag="720">
      <subfield code="a">Gómez Jarabo, Inmaculada</subfield>
      <subfield code="e">author</subfield>
   </datafield>
   <datafield ind2=" " ind1=" " tag="260">
      <subfield code="c">2016</subfield>
   </datafield>
   <datafield ind2=" " ind1=" " tag="520">
      <subfield code="a">Esta tesis trata de abordar el tema de la violencia, con el fin de reflexionar y proponer diferentes acciones que puedan servir para dar un paso hacia la tan deseada cultura de paz en las escuelas y, por ende, en la sociedad. Otro punto importante es la formación del profesorado para evitar la violencia escolar. Tenemos que afrontar situaciones en las que se ve amenazada la convivencia pacífica. Tenemos que atender a la diversidad étnica, cultural y de género, porque creemos que todos los estudiantes están expuestos. Pueden ser víctimas de agresiones, los estudiantes de origen inmigrante y las mujeres son un «blanco mucho más fácil y deseado».</subfield>
   </datafield>
   <datafield ind2=" " ind1=" " tag="520">
      <subfield code="a">This thesis addresses the issue of violence, with the aim of reflecting on and proposing different actions that could serve as a step towards the much-desired culture of peace in schools and, ultimately, in society. Another important point is teacher training to prevent school violence. We have to deal with situations in which peaceful coexistence is threatened. We have to address ethnic, cultural, and gender diversity, because we believe that all students are at risk. They can be victims of aggression, and students of immigrant origin and women are a “much easier and more desirable target.”</subfield>
   </datafield>
   <datafield ind1="8" ind2=" " tag="024">
      <subfield code="a">Gómez-Jarabo, I.,  (2016). Formación del profesorado para el tratamiento educativo de los conflictos sobre diversidad cultural y de género. Revista Interuniversitaria de Formación del Profesorado, 30(2), 163-166.</subfield>
   </datafield>
   <datafield ind1="8" ind2=" " tag="024">
      <subfield code="a">0213-8646</subfield>
   </datafield>
   <datafield ind1="8" ind2=" " tag="024">
      <subfield code="a">https://hdl.handle.net/20.500.14352/123621</subfield>
   </datafield>
   <datafield ind1="8" ind2=" " tag="024">
      <subfield code="a">2530-3791</subfield>
   </datafield>
   <datafield ind1="8" ind2=" " tag="024">
      <subfield code="a">https://dialnet.unirioja.es/ejemplar/440574</subfield>
   </datafield>
   <datafield ind1="8" ind2=" " tag="024">
      <subfield code="a">https://www.redalyc.org/articulo.oa?id=27447325012</subfield>
   </datafield>
   <datafield ind1="8" ind2=" " tag="024">
      <subfield code="a">https://recyt.fecyt.es/index.php/RIFOP/issue/view/2859/227</subfield>
   </datafield>
   <datafield ind1="8" ind2=" " tag="024">
      <subfield code="a">https://produccioncientifica.ucm.es/documentos/5d1df61b29995204f76617fa</subfield>
   </datafield>
   <datafield ind2="0" ind1="0" tag="245">
      <subfield code="a">Formación del profesorado para el tratamiento educativo de los conflictos sobre diversidad cultural y de género</subfield>
   </datafield>
   <datafield ind2="0" ind1="0" tag="245">
      <subfield code="a">Teacher training for the educational treatment of conflicts related to cultural and gender diversity</subfield>
   </datafield>
</record></metadata></record></GetRecord></OAI-PMH>